Normal view
MARC view
Entry Personal Name
001 - CONTROL NUMBER
- control field: 1238205
003 - CONTROL NUMBER IDENTIFIER
- control field: OSt
005 - DATE AND TIME OF LATEST TRANSACTION
- control field: 20260430150701.0
008 - FIXED-LENGTH DATA ELEMENTS
- fixed length control field: 260430|| aca||aabn | a|a d
040 ## - CATALOGING SOURCE
- Original cataloging agency: OSt
- Transcribing agency: OSt
100 ## - HEADING--PERSONAL NAME
- Personal name: Sehgal Puneet Au.; Patel Kamlesh Gu
670 ## - SOURCE DATA FOUND
- Source citation: Work cat.: (OSt)1850381: Sehgal Puneet Au.; Patel Kamlesh Gu., Design and Analysis of Split-Ring Resonator Antennas for WLAN/WiMAX/Wi-Fi 6 Applications, 2024
